00610nam a2200205 a 450000100060000000300080000600500170001400800410003103500200007204000350009204100080012708200290013510000260016424500590019026000390024930000280028850000190031665000210033565000480035654908BD-RjUL20211209080203.0161112s1965 enka|||| |||| 001 0 eng d a(BD-RjUL) 55030 dBD-RjULaBD-RjULbengcBD-RjUL aeng 223a621.381534bTOE 19651 aTowers, T. D.,d1914-10aElements of transistor pulse circuits /cT. D. Towers. aLondon :bIliffe books LTDcc 1965 a172 p.bill. ;c21 cm. aIncludes index 0aPulse circuits.  0aTransistor circuits.bCircuits d'impulsion.